00341pab a2200121 454500008004000000100001900040245009200059260000900151300001100160362000900171650003100180773000800211180718b1984 xxu||||| |||| 00| 0 eng d aCaplan, Lionel aBridegroom price in urban IndiabClass, caste and dowry evil among Christians in Madras c1984 a216-33 aJune aDowry - India - Tamil Nadu aMan